000 00670nam a2200217Ii 4500
003 JO-AjNU
008 230605s9999||||xx |||||||||||||| ||und||
017 _a1981/987
040 _aJO-AjNU
_bara
_erda
_cJO-AjNU
041 _aara
050 1 4 _aPJ7810.D314.A17 1981
100 3 _aتأليف كمال الدين،أديب,
_eauthor
_920582
245 0 0 _aديوان عربي
264 3 1 _aبغداد:وزارة الثقافة،1981
300 _a217ص
336 _atext
_btxt
_2rdacontent
337 _aunmediated
_bn
_2rdamedia
338 _avolume
_bnc
_2rdacarrier
490 0 _aسلسلة كتابات جديدة (57)
650 4 _aالشعر العربي
_920583
999 _aA7000
_c10568
_d10568